Study on broiler raising of sros sokhim kdanroy village domnak aompel commune angsnoul district kandal province, ការសិក្សាលើការចិញ្ចឹមមាន់សាច់នៅស្ថានីយ៍ចិញ្ចឹមមាន់ស្រស់សុឃីម ភូមិក្ដាន់រយ ឃុំដំណាក់អំពិល ស្រុកអង្គស្នូល ខេត្តកណ្ដាល (Record no. 2177)
[ view plain ]
| 000 -LEADER | |
|---|---|
| fixed length control field | 00815nam a22001577a 4500 |
| 003 - CONTROL NUMBER IDENTIFIER | |
| control field | OSt |
| 005 - DATE AND TIME OF LATEST TRANSACTION | |
| control field | 20151007162512.0 |
| 008 - FIXED-LENGTH DATA ELEMENTS--GENERAL INFORMATION | |
| fixed length control field | 151007b xxu||||| |||| 00| 0 eng d |
| 040 ## - CATALOGING SOURCE | |
| Transcribing agency | RUA |
| 082 ## - DEWEY DECIMAL CLASSIFICATION NUMBER | |
| Classification number | AVM SOM 2006 B081 Or.1 |
| 100 ## - MAIN ENTRY--PERSONAL NAME | |
| 9 (RLIN) | 2311 |
| Personal name | SOM, SAMOL. |
| 245 ## - TITLE STATEMENT | |
| Title | Study on broiler raising of sros sokhim kdanroy village domnak aompel commune angsnoul district kandal province, ការសិក្សាលើការចិញ្ចឹមមាន់សាច់នៅស្ថានីយ៍ចិញ្ចឹមមាន់ស្រស់សុឃីម ភូមិក្ដាន់រយ ឃុំដំណាក់អំពិល ស្រុកអង្គស្នូល ខេត្តកណ្ដាល |
| 260 ## - PUBLICATION, DISTRIBUTION, ETC. (IMPRINT) | |
| Place of publication, distribution, etc. | Phnom Penh |
| Name of publisher, distributor, etc. | RUA |
| Date of publication, distribution, etc. | 2008 |
| 300 ## - PHYSICAL DESCRIPTION | |
| Extent | 42p. |
| Other physical details | ill. |
| Dimensions | 29cm. |
| 942 ## - ADDED ENTRY ELEMENTS (KOHA) | |
| Source of classification or shelving scheme | |
| Koha item type | AVM |
| Price effective from | Date last seen | Permanent Location | Not for loan | Date acquired | Source of classification or shelving scheme | Koha item type | Lost status | Withdrawn status | Date last checked out | Total Checkouts | Shelving location | Damaged status | Barcode | Current Location | Full call number |
|---|---|---|---|---|---|---|---|---|---|---|---|---|---|---|---|
| 2015-10-07 | 2015-10-07 | Library Block B | 2015-10-07 | AVM | B081 | RUA008406 | Library Block B | AVM SOM 2006 B081 Or.1 | |||||||
| 2015-10-07 | 2016-12-16 | Library Block B | 2015-10-07 | AVM | 2016-12-06 | 1 | B081 | RUA009568 | Library Block B | AVM SOM 2006 B081 Or.2 | |||||
| 2015-10-07 | 2016-10-05 | Library Block B | 2015-10-07 | AVM | 2016-09-14 | 1 | B081 | RUA019528 | Library Block B | AVM SOM 2006 B081 Or.3 | |||||
| 2015-10-07 | 2015-10-07 | Library Block B | 2015-10-07 | AVM | B081 | RUA025047 | Library Block B | AVM SOM 2006 B081 Or.4 | |||||||
| 2015-10-07 | 2015-10-07 | Library Block B | 2015-10-07 | AVM | B081 | RUA007685 | Library Block B | AVM SOM 2006 B081 Or.5 |